| 000 | 00812nam a2200229 a 4500 | ||
|---|---|---|---|
| 999 |
_c11129 _d11129 |
||
| 001 | 11129 | ||
| 003 | BD-JhCC | ||
| 005 | 20200206134008.0 | ||
| 008 | 190631s19942012bg |||| |||| 000 0 ben d | ||
| 020 | _a97898490077088 | ||
| 035 | _a(BD-JhCC)11129 | ||
| 040 |
_aBD-JhCC _dBD-JhCC |
||
| 041 | _aben | ||
| 082 |
_a032 _bCHH 2012 |
||
| 245 |
_aছোটদের এনসাইক্লোপিডিয়া / _cসম্পাদনায় আমীরুল ইসলাম |
||
| 260 |
_aঢাকা : _bঅনন্যা, _c২০১২. |
||
| 300 |
_a১৮৩ পৃ. : _bচিত্রাবলী সংযোজিত; _c২১ সেমি. |
||
| 650 |
_aEncyclopedia _vJuvenile |
||
| 650 | _aChildren's encyclopedias | ||
| 700 | _aইসলাম, আমীরুল | ||
| 942 |
_2ddc _cBK _02 |
||